[Event "Bad Zwesten op 8th"]
[Site "Bad Zwesten"]
[Date "2004.01.07"]
[Round "8"]
[White "Bonning, James"]
[Black "Simonov, Andrej"]
[Result "1/2-1/2"]
[WhiteElo "1465"]
[BlackElo "1207"]
[PlyCount "97"]
[EventDate "2004.01.??"]
[EventType "swiss"]
[EventRounds "9"]
[EventCountry "GER"]
[SourceTitle "CBM 098 Extra"]
[Source "ChessBase"]
[SourceDate "2004.03.10"]
[SourceVersion "2"]
[SourceVersionDate "2004.03.10"]
[SourceQuality "1"]

1. e4 e6 2. d4 d5 3. Nd2 c5 4. c3 Nc6 5. Ngf3 Nf6 6. e5 Nd7 7. Bd3 Qb6 8. dxc5 Bxc5 9. Qe2 Qc7 10. Bb5 0-0 11. Bxc6 bxc6 12. 0-0 a5 13. b3 a4 14. Re1 axb3 15. Nxb3 Ba7 16. Nbd4 Ba6 17. Qc2 Bb8 18. Ng5 g6 19. Ngxe6 fxe6 20. Nxe6 Qc8 21. Nxf8 Nxf8 22. Bh6 Qe6 23. Re3 Nd7 24. Rae1 Bc4 25. Qb2 Rxa2 26. Qb7 Ba6 27. Qb4 c5 28. Qf4 Qe7 29. Rf3 Bxe5 30. Qe3 Bd6 31. Qxe7 Bxe7 32. h3 Bf6 33. g4 Re2 34. Ra1 Bb7 35. Ra7 Rb2 36. Rd3 Rb1+ 37. Kh2 g5 38. f3 Be5+ 39. Kg2 Bf6 40. Ra2 Kf7 41. h4 gxh4 42. Re2 h3+ 43. Kxh3 Rh1+ 44. Rh2 Rxh2+ 45. Kxh2 Be5+ 46. f4 Bf6 47. f5 Ne5 48. Kg3 Bc8 49. g5 1/2-1/2

[Event "Bad Zwesten op 8th"]
[Site "Bad Zwesten"]
[Date "2004.01.05"]
[Round "6"]
[White "Bonning, James"]
[Black "Rafiee, Kayvan"]
[Result "0-1"]
[WhiteElo "1465"]
[BlackElo "2055"]
[PlyCount "106"]
[EventDate "2004.01.??"]
[EventType "swiss"]
[EventRounds "9"]
[EventCountry "GER"]
[SourceTitle "CBM 098 Extra"]
[Source "ChessBase"]
[SourceDate "2004.03.10"]
[SourceVersion "2"]
[SourceVersionDate "2004.03.10"]
[SourceQuality "1"]

1. e4 c5 2. Nf3 d6 3. d4 cxd4 4. Nxd4 Nf6 5. Nc3 g6 6. Be2 Bg7 7. 0-0 0-0 8. Be3 Nc6 9. Kh1 a6 10. f4 Nxd4 11. Bxd4 Qa5 12. a3 Rd8 13. b4 Qc7 14. Bxf6 exf6 15. Nd5 Qb8 16. f5 b5 17. Ne7+ Kf8 18. Nc6 Qc7 19. Nxd8 Qxd8 20. Qd5 Ra7 21. Rad1 Rd7 22. c4 Bb7 23. Qd4 bxc4 24. Bxc4 Qe7 25. Bd5 Bc8 26. Rc1 Rd8 27. Rc3 Qe5 28. Qa7 Bd7 29. Rc7 Ke8 30. Bxf7+ Kxf7 31. Rxd7+ Rxd7 32. Qxd7+ Kg8 33. Qc8+ Bf8 34. fxg6 hxg6 35. Qxa6 Kf7 36. Qc4+ Kg7 37. b5 d5 38. exd5 Bd6 39. Qh4 g5 40. Qh3 Qxd5 41. Qf5 Be5 42. a4 Qc4 43. Qd7+ Kg6 44. Qf5+ Kg7 45. b6 Qxa4 46. b7 Qh4 47. Qh3 Qb4 48. Qd7+ Kg6 49. Qd3+ Kg7 50. Rb1 Qh4 51. Qh3 Qe4 52. Qb3 Qh4 53. b8Q Qxh2# 0-1

[Event "Bad Zwesten op 8th"]
[Site "Bad Zwesten"]
[Date "2004.01.05"]
[Round "5"]
[White "Struening, Timo"]
[Black "Bonning, James"]
[Result "1/2-1/2"]
[WhiteElo "1676"]
[BlackElo "1465"]
[PlyCount "72"]
[EventDate "2004.01.??"]
[EventType "swiss"]
[EventRounds "9"]
[EventCountry "GER"]
[SourceTitle "CBM 098 Extra"]
[Source "ChessBase"]
[SourceDate "2004.03.10"]
[SourceVersion "2"]
[SourceVersionDate "2004.03.10"]
[SourceQuality "1"]

1. e4 e5 2. Nf3 Nc6 3. Bb5 a6 4. Ba4 Nf6 5. 0-0 b5 6. Bb3 Bb7 7. c3 d6 8. Qe2 Be7 9. Rd1 Na5 10. Bc2 c5 11. d4 Qc7 12. dxe5 dxe5 13. Bg5 0-0 14. Nbd2 Rfd8 15. b3 Rd7 16. Nf1 h6 17. Rxd7 Qxd7 18. Nxe5 Qe6 19. Bf4 Bd6 20. Nd3 Qxe4 21. Qxe4 Nxe4 22. Bxd6 Nxd6 23. Nxc5 Rc8 24. Nxb7 Naxb7 25. Rc1 Nc5 26. Ne3 Kf8 27. f3 Re8 28. Kf2 Ne6 29. Rd1 Nb7 30. Rd7 Nbc5 31. Ra7 Rd8 32. b4 Nd3+ 33. Kg3 Ndf4 34. Bb3 Ne2+ 35. Kf2 Nxc3 36. Ng4 Rd2+ 1/2-1/2

[Event "Bad Zwesten op 8th"]
[Site "Bad Zwesten"]
[Date "2004.01.03"]
[Round "2"]
[White "Bonning, James"]
[Black "Link, Michael"]
[Result "1-0"]
[WhiteElo "1465"]
[BlackElo "1910"]
[PlyCount "43"]
[EventDate "2004.01.??"]
[EventType "swiss"]
[EventRounds "9"]
[EventCountry "GER"]
[SourceTitle "CBM 098 Extra"]
[Source "ChessBase"]
[SourceDate "2004.03.10"]
[SourceVersion "2"]
[SourceVersionDate "2004.03.10"]
[SourceQuality "1"]

1. e4 e5 2. Nf3 Nf6 3. d4 Nxe4 4. Bd3 d5 5. Nxe5 Nd7 6. 0-0 Nxe5 7. dxe5 Be6 8. Nd2 Nc5 9. Nf3 Nxd3 10. Qxd3 c6 11. Be3 Be7 12. Nd4 0-0 13. f4 c5 14. Nf5 Bxf5 15. Qxf5 Qc8 16. Qh5 Qe6 17. Rae1 d4 18. f5 Qxa2 19. f6 dxe3 20. Qg5 Bxf6 21. exf6 g6 22. Qh6 1-0